[Event "European Youth Chess Championship G10"]
[Site "Prague, Top Hotel Prague"]
[Date "2016.08.21"]
[Round "4.33"]
[White "Denic, Hana"]
[Black "Kowalczyk, Barbara"]
[Result "1-0"]
[WhiteElo "1412"]
[BlackElo "1100"]
[PlyCount "97"]
[EventDate "2016.08.18"]

1. e4 e5 2. Nf3 Nc6 3. Bc4 Bc5 4. d3 Nf6 5. O-O d6 6. h3 Bb6 7. a3 a6 8. Nc3
Be6 9. Ba2 Bxa2 10. Nxa2 Qe7 11. Nc3 Qe6 12. Ng5 Qd7 13. Be3 Ba7 14. b4 h6 15.
Nf3 g5 16. Nh2 Rg8 17. Qf3 Qe6 18. Nd5 O-O-O 19. Nxf6 Rg6 20. Nd5 Bd4 21. c3
Ba7 22. a4 h5 23. Qxh5 Kb8 24. Bxg5 Rdg8 25. h4 b6 26. Qf3 Nd8 27. Ne7 f6 28.
Nxg8 fxg5 29. c4 gxh4 30. Qh5 Qxg8 31. Qxh4 Ne6 32. g3 b5 33. Kh1 Qg7 34. Qh3
Rh6 35. Qg2 Qh7 36. Kg1 Rg6 37. Kh1 Nf4 38. Qf3 Nh3 39. Qf8+ Kb7 40. Qf5 Ng5
41. Rg1 Nh3 42. Rg2 Ng5 43. Rc1 Qg7 44. Ng4 Nh3 45. Kh2 Qh7 46. c5 Rg7 47. c6+
Ka8 48. Qc8+ Bb8 49. Qb7# 1-0

[Event "European Youth Chess Championship G10"]
[Site "Prague, Top Hotel Prague"]
[Date "2016.08.21"]
[Round "4.34"]
[White "Szuscikova, Natalie"]
[Black "Aydin, Gulenay"]
[Result "0-1"]
[WhiteElo "1163"]
[BlackElo "1373"]
[PlyCount "98"]
[EventDate "2016.08.18"]

1. e4 c5 2. Nf3 d6 3. d4 cxd4 4. Nxd4 Nf6 5. Nc3 g6 6. Bc4 Bg7 7. O-O O-O 8.
Be3 Nc6 9. h3 Bd7 10. f4 a6 11. Qd2 Rc8 12. Nb3 b5 13. Bd3 Re8 14. Ne2 Qc7 15.
Nbd4 Kh8 16. Rf3 e6 17. Raf1 Ng8 18. f5 Ne5 19. R3f2 Nc4 20. Bxc4 bxc4 21. Nc1
c3 22. bxc3 Qxc3 23. Ncb3 Qxd2 24. Rxd2 exf5 25. Rdf2 Rxe4 26. Bf4 Bxd4 27.
Nxd4 Rxd4 28. Bc1 f6 29. Re1 Bb5 30. Re6 Rd1+ 31. Kh2 Rxc1 32. Rxd6 R1xc2 33.
Rxc2 Rxc2 34. Rb6 Rxa2 35. Rb8 Kg7 36. Rb7+ Kh6 37. Rb8 Ne7 38. Rf8 Nd5 39. Rc8
Nf4 40. Rc4 Rxg2+ 41. Kh1 Bxc4 42. h4 Bd5 43. h5 Rc2+ 44. Kg1 a5 45. hxg6 a4
46. gxh7 Kxh7 47. Kf1 a3 48. Kg1 a2 49. Kf1 a1=R# 0-1

[Event "European Youth Chess Championship G10"]
[Site "Prague, Top Hotel Prague"]
[Date "2016.08.21"]
[Round "4.35"]
[White "Smetisko, Renata"]
[Black "Cornileau, Juliette"]
[Result "0-1"]
[WhiteElo "1138"]
[BlackElo "1317"]
[PlyCount "84"]
[EventDate "2016.08.18"]

1. e4 b6 2. Nf3 Bb7 3. Bc4 e6 4. d3 Be7 5. b3 d5 6. exd5 exd5 7. Bb5+ c6 8. Ba4
b5 9. Bxb5 cxb5 10. Be3 Nf6 11. Nc3 a6 12. d4 Bb4 13. Bd2 Qe7+ 14. Ne2 Bxd2+
15. Qxd2 Nc6 16. O-O O-O 17. Nf4 Qd6 18. Ne2 Ne4 19. Qd3 Nb4 20. Qd1 Rac8 21.
Ng3 Nxg3 22. fxg3 Nxc2 23. Qd3 Nxa1 24. Ng5 Qg6 25. Qd2 h6 26. Nf3 Nc2 27. Nh4
Qe4 28. Rf4 Qe1+ 29. Qxe1 Nxe1 30. Rg4 Rc1 31. Kf2 Bc8 32. Nf5 Bxf5 33. Rf4
Nd3+ 34. Kf3 Nxf4 35. Kxf4 Re8 36. Kxf5 Rf1+ 37. Kg4 Re4+ 38. Kh3 g5 39. g4
Re3+ 40. g3 Re2 41. b4 Rh1 42. a4 Rhxh2# 0-1

[Event "European Youth Chess Championship G10"]
[Site "Prague, Top Hotel Prague"]
[Date "2016.08.21"]
[Round "4.36"]
[White "Andrasunaite, Rusne"]
[Black "Karavitaki, Antonia"]
[Result "0-1"]
[WhiteElo "1312"]
[BlackElo "1115"]
[PlyCount "90"]
[EventDate "2016.08.18"]

1. e4 c5 2. Nf3 d6 3. d4 cxd4 4. Nxd4 Nf6 5. Nc3 g6 6. Be3 Bg7 7. f3 O-O 8. Qd2
Nc6 9. O-O-O Bd7 10. Bc4 Rc8 11. h4 Nxd4 12. Bxd4 Rxc4 13. h5 Nxh5 14. Bxg7
Kxg7 15. g4 Nf6 16. Qh6+ Kg8 17. Nd5 Re8 18. Nxf6+ exf6 19. Qxh7+ Kf8 20. Rxd6
Re6 21. Rdd1 Qc7 22. Qh6+ Ke7 23. Qd2 Qd6 24. Qe2 Qc7 25. Rh8 Rd6 26. Rxd6 Kxd6
27. Rh7 Ke7 28. f4 Qxf4+ 29. Kb1 Qxe4 30. Qd1 Bxg4 31. Qc1 Bf5 32. Ka1 Qxc2 33.
Qe1+ Kf8 34. b3 Qc1+ 35. Qxc1 Rxc1+ 36. Kb2 Rc2+ 37. Ka3 g5 38. Rh1 Be4 39. Re1
Bc6 40. Rf1 Kg7 41. Rg1 Kg6 42. Rg3 f5 43. b4 Bd5 44. Rd3 Be6 45. Rd8 Rxa2# 0-1

[Event "European Youth Chess Championship G10"]
[Site "Prague, Top Hotel Prague"]
[Date "2016.08.21"]
[Round "4.37"]
[White "Drastichova, Eliska"]
[Black "Zrmanovska, Mihaela"]
[Result "1-0"]
[WhiteElo "1287"]
[BlackElo "1091"]
[PlyCount "55"]
[EventDate "2016.08.18"]

1. e4 e5 2. Nf3 Nc6 3. Bc4 Nf6 4. d3 Bc5 5. O-O d6 6. h3 Be6 7. Bb3 Qe7 8. Nc3
O-O-O 9. Be3 Bb6 10. Nd5 Bxd5 11. exd5 Nb4 12. c4 h6 13. a3 Na6 14. Bc2 g5 15.
b4 g4 16. hxg4 Nxg4 17. Bxb6 axb6 18. b5 Nc5 19. Re1 Qf6 20. a4 Rdg8 21. a5
bxa5 22. Rxa5 Kd7 23. Qe2 Qg7 24. d4 Nf6 25. g3 b6 26. Ra7 exd4 27. Qe7+ Kc8
28. Qxc7# 1-0

[Event "European Youth Chess Championship G10"]
[Site "Prague, Top Hotel Prague"]
[Date "2016.08.21"]
[Round "4.38"]
[White "Deleu, Leen"]
[Black "Poliato, Irina"]
[Result "0-1"]
[WhiteElo "1130"]
[BlackElo "1280"]
[PlyCount "62"]
[EventDate "2016.08.18"]

1. c4 e6 2. Nc3 Nf6 3. e3 c5 4. Nf3 d5 5. d4 Nc6 6. g3 Be7 7. Bg2 h6 8. Ne5
cxd4 9. Nxc6 bxc6 10. Ne2 Bb4+ 11. Bd2 Bxd2+ 12. Qxd2 dxe3 13. Qxe3 O-O 14. O-O
Qb6 15. Qxb6 axb6 16. cxd5 exd5 17. Rfe1 Re8 18. Nd4 Bd7 19. a3 c5 20. Nf3 Ne4
21. Rad1 Bc6 22. b4 Rxa3 23. bxc5 bxc5 24. Nd2 Nxd2 25. Bxd5 Rxe1+ 26. Rxe1
Bxd5 27. Re8+ Kh7 28. Re1 Nf3+ 29. Kf1 Bc4+ 30. Kg2 Nxe1+ 31. Kh3 Be6+ 0-1

[Event "European Youth Chess Championship G10"]
[Site "Prague, Top Hotel Prague"]
[Date "2016.08.21"]
[Round "4.39"]
[White "Cassanelli, Emma"]
[Black "Suarez, Gomez Paula"]
[Result "1-0"]
[WhiteElo "1273"]
[BlackElo "1011"]
[PlyCount "57"]
[EventDate "2016.08.18"]

1. e4 e5 2. Nf3 Nc6 3. Bc4 Be7 4. Nc3 Nf6 5. d3 O-O 6. h3 d6 7. Be3 Be6 8. Bxe6
fxe6 9. d4 Qd7 10. Qd3 Rfe8 11. O-O-O a6 12. dxe5 Rad8 13. exf6 Bxf6 14. Bg5
Be7 15. Kb1 h6 16. Bxe7 Qxe7 17. Rhe1 Qf7 18. Re3 e5 19. Qd5 Qxd5 20. Rxd5 Nb4
21. Rd2 Re7 22. a3 Nc6 23. Nd5 Red7 24. Nh4 Na5 25. Rg3 Rf8 26. Nf5 c6 27.
Nde7+ Kh7 28. Rxg7+ Kh8 29. Ng6# 1-0

[Event "European Youth Chess Championship G10"]
[Site "Prague, Top Hotel Prague"]
[Date "2016.08.21"]
[Round "4.41"]
[White "Dallemura, Anna"]
[Black "Spada, Vittoria"]
[Result "1-0"]
[WhiteElo "1064"]
[BlackElo "1241"]
[PlyCount "103"]
[EventDate "2016.08.18"]

1. e4 e6 2. d4 d5 3. Nc3 Nd7 4. exd5 exd5 5. Nxd5 c6 6. Nc3 Bb4 7. Nf3 Ngf6 8.
Bd3 O-O 9. O-O Bxc3 10. bxc3 Nd5 11. Bd2 Re8 12. Re1 N7f6 13. Rb1 Rb8 14. Rxe8+
Qxe8 15. Qe1 Qd8 16. Ne5 Qd6 17. Rb3 Be6 18. Rb1 c5 19. Nf3 b6 20. Qc1 Rc8 21.
c4 Ne7 22. d5 Bg4 23. Bf4 Qd7 24. Ne5 Qb7 25. h3 Bf5 26. Be2 Qa6 27. Ra1 Nexd5
28. cxd5 Qxe2 29. c4 b5 30. Qe3 Qc2 31. Rc1 Qxa2 32. Nc6 Re8 33. Qxc5 a6 34.
Ne7+ Rxe7 35. Qxe7 h6 36. Qe5 Bd3 37. cxb5 Bxb5 38. Rc8+ Be8 39. Rxe8+ Nxe8 40.
Qxe8+ Kh7 41. d6 a5 42. d7 Qb1+ 43. Kh2 a4 44. d8=Q a3 45. Qg8+ Kg6 46. Qd6+ f6
47. Qxa3 Kf5 48. Qh7+ g6 49. Bg3 Qf1 50. Qc5+ Ke4 51. Qxg6+ f5 52. Qgxf5# 1-0

[Event "European Youth Chess Championship G10"]
[Site "Prague, Top Hotel Prague"]
[Date "2016.08.21"]
[Round "4.48"]
[White "Berezovsky, Fiorina"]
[Black "Trasakova, Adela"]
[Result "1-0"]
[WhiteElo "1105"]
[BlackElo "1052"]
[PlyCount "141"]
[EventDate "2016.08.18"]

1. Nf3 c6 2. g3 d5 3. d4 Nf6 4. Bg2 Bf5 5. O-O e6 6. Nc3 Nbd7 7. Bg5 Be7 8. Re1
O-O 9. Qd2 h6 10. Bf4 Rc8 11. Ne5 Nxe5 12. Bxe5 Ng4 13. Bf4 c5 14. e3 cxd4 15.
exd4 a6 16. a4 Bb4 17. Be5 Nxe5 18. dxe5 Qa5 19. Rad1 Bxc3 20. bxc3 Qxc3 21.
Qxc3 Rxc3 22. Rd2 Rxc2 23. Rxc2 Bxc2 24. a5 Bf5 25. Rc1 Rb8 26. h4 Kh7 27. Rc7
Bg6 28. g4 h5 29. Bf3 hxg4 30. Bxg4 Kg8 31. Kg2 Kf8 32. Kg3 Ke8 33. h5 Bh7 34.
Kh4 Bg8 35. Kg5 Kd8 36. Rc1 b5 37. axb6 Rxb6 38. Ra1 Ke7 39. Kf4 f6 40. exf6+
gxf6 41. Be2 Bf7 42. Bxa6 Bxh5 43. Bf1 e5+ 44. Ke3 Rb3+ 45. Kd2 Rb2+ 46. Ke1
Bg4 47. Bg2 Re2+ 48. Kf1 e4 49. Kg1 Ke6 50. Bf1 Rc2 51. Ba6 d4 52. Re1 Kf5 53.
Kg2 Kf4 54. Bb7 Bf3+ 55. Kf1 e3 56. fxe3+ dxe3 57. Bxf3 Kxf3 58. Rb1 Rf2+ 59.
Ke1 Re2+ 60. Kf1 f5 61. Rc1 f4 62. Rb1 Kg3 63. Kxe2 Kg2 64. Rb7 f3+ 65. Kxe3 f2
66. Rg7+ Kf1 67. Kf3 Ke1 68. Re7+ Kf1 69. Re2 Kg1 70. Rxf2 Kh1 71. Ra2 1-0

[Event "European Youth Chess Championship G10"]
[Site "Prague, Top Hotel Prague"]
[Date "2016.08.22"]
[Round "5.1"]
[White "Zvereva, Margarita"]
[Black "Ray, Hiya"]
[Result "1-0"]
[WhiteElo "1930"]
[BlackElo "1391"]
[PlyCount "41"]
[EventDate "2016.08.18"]

1. e4 c5 2. Nf3 d6 3. d4 cxd4 4. Nxd4 Nf6 5. Nc3 g6 6. Be3 Bg7 7. f3 O-O 8. Qd2
Nc6 9. Bc4 Bd7 10. h4 h5 11. O-O-O Rc8 12. Bb3 Ne5 13. Bg5 Rc5 14. Kb1 b5 15.
g4 hxg4 16. h5 Nxh5 17. Nd5 Re8 18. Rxh5 gxh5 19. Qh2 Ng6 20. Qxh5 Nf8 21. Nf6+
1-0

[Event "European Youth Chess Championship G10"]
[Site "Prague, Top Hotel Prague"]
[Date "2016.08.22"]
[Round "5.2"]
[White "Zavivaeva, Emilia"]
[Black "Gaal, Zsoka"]
[Result "1/2-1/2"]
[WhiteElo "1443"]
[BlackElo "1792"]
[PlyCount "121"]
[EventDate "2016.08.18"]

1. e4 g6 2. d4 Bg7 3. Nc3 d6 4. Be3 c6 5. Qd2 b5 6. O-O-O Qc7 7. f3 h5 8. h4 a6
9. Be2 Nd7 10. g4 hxg4 11. fxg4 Bb7 12. h5 gxh5 13. Rxh5 O-O-O 14. Rxh8 Bxh8
15. g5 e5 16. Bg4 Kb8 17. Nf3 exd4 18. Bxd4 Bxd4 19. Nxd4 Ne5 20. Bf5 b4 21.
Na4 c5 22. Nb3 Nc4 23. Qe2 Ne5 24. Qh2 c4 25. Nd4 Bc6 26. Nxc6+ Nxc6 27. Qf2
Nge7 28. Bg4 Ne5 29. Be2 Rg8 30. Qb6+ Qxb6 31. Nxb6 Kc7 32. Nxc4 Nxc4 33. Bxc4
Rxg5 34. Bxf7 Re5 35. Rd4 a5 36. Bb3 Ng6 37. Kd2 Nh4 38. Ke3 Nf5+ 39. Kd3 Nxd4
40. Kxd4 Kd7 41. Bd5 Kc7 42. Kc4 Kb6 43. c3 bxc3 44. bxc3 Re7 45. Kb3 Rc7 46.
c4 Kc5 47. Kc3 Rg7 48. Kb3 Rg3+ 49. Ka4 Re3 50. Bg8 Re2 51. a3 Rxe4 52. Kxa5
Rxc4 53. Bxc4 Kxc4 54. Kb6 d5 55. a4 d4 56. a5 d3 57. a6 d2 58. a7 d1=Q 59.
a8=Q Qb3+ 60. Ka7 Qa4+ 61. Kb7 1/2-1/2

[Event "European Youth Chess Championship G10"]
[Site "Prague, Top Hotel Prague"]
[Date "2016.08.22"]
[Round "5.3"]
[White "Shuqja, Klean"]
[Black "Zabrzanska, Weronika"]
[Result "1-0"]
[WhiteElo "1513"]
[BlackElo "1486"]
[PlyCount "141"]
[EventDate "2016.08.18"]

1. e4 e5 2. Nf3 Nc6 3. Bc4 Bc5 4. c3 Nf6 5. d3 d6 6. O-O O-O 7. Nbd2 a6 8. Bb3
Ba7 9. Re1 Re8 10. Nf1 Ne7 11. Ng3 Ng6 12. h3 h6 13. d4 Bd7 14. Bc2 Bc6 15. Be3
exd4 16. Bxd4 Nf4 17. Bxa7 Rxa7 18. Nd4 Bd7 19. Qf3 Ne6 20. Qe3 Ra8 21. Ngf5
Nxd4 22. Nxd4 Nxe4 23. Bxe4 d5 24. Qf3 dxe4 25. Rxe4 Rxe4 26. Qxe4 c5 27. Nb3
Bc6 28. Qe5 b6 29. Re1 Qd7 30. Qf4 Qd5 31. f3 a5 32. c4 Qd7 33. Nc1 Rd8 34. Kh2
a4 35. b3 a3 36. Qe3 Qd2 37. Qe2 Qf4+ 38. Kh1 Rd2 39. Qf1 Qg3 40. Re2 Rd4 41.
Rf2 b5 42. Ne2 Qd6 43. Nxd4 Qxd4 44. cxb5 Bxb5 45. Qe1 c4 46. Rd2 Qb6 47. bxc4
Bxc4 48. Qe8+ Kh7 49. Qe4+ Kg8 50. Qxc4 Qb1+ 51. Kh2 Qb8+ 52. g3 Qa8 53. Qd3
Qa7 54. Qd4 Qa6 55. Qd8+ Kh7 56. Qd3+ Qxd3 57. Rxd3 g6 58. Rxa3 h5 59. Rb3 g5
60. a4 h4 61. gxh4 gxh4 62. a5 f5 63. a6 Kg6 64. a7 Kg5 65. a8=Q Kf4 66. Qa4+
Kg5 67. f4+ Kh5 68. Qe8+ Kh6 69. Rb6+ Kh7 70. Qe7+ Kh8 71. Rb8# 1-0

[Event "European Youth Chess Championship G10"]
[Site "Prague, Top Hotel Prague"]
[Date "2016.08.22"]
[Round "5.4"]
[White "Vicze, Kata"]
[Black "Fedoricheva, Ekaterina"]
[Result "0-1"]
[WhiteElo "1495"]
[BlackElo "1463"]
[PlyCount "44"]
[EventDate "2016.08.18"]

1. e4 c6 2. Nc3 d5 3. Nf3 Bg4 4. h3 Bh5 5. g4 Bg6 6. exd5 cxd5 7. Bb5+ Nc6 8.
Ne5 Qd6 9. d4 a6 10. Bf4 axb5 11. Nxb5 Qb4+ 12. Nc3 Be4 13. f3 Qxb2 14. Nxe4
dxe4 15. Nxc6 Qc3+ 16. Kf1 Qxc6 17. Qe2 Nf6 18. g5 Nh5 19. Bh2 exf3 20. Qd3 e6
21. c4 Ra3 22. Qc2 f2 0-1

[Event "European Youth Chess Championship G10"]
[Site "Prague, Top Hotel Prague"]
[Date "2016.08.22"]
[Round "5.6"]
[White "Rejniak, Zuzanna"]
[Black "Cherepanova, Evita"]
[Result "1/2-1/2"]
[WhiteElo "1381"]
[BlackElo "1675"]
[PlyCount "54"]
[EventDate "2016.08.18"]

1. e4 e6 2. d4 d5 3. Nc3 Bb4 4. a3 Bxc3+ 5. bxc3 dxe4 6. Qg4 Ne7 7. Qxg7 Rg8 8.
Qxh7 Qd5 9. Ne2 e5 10. Bb2 Bf5 11. Qh4 Nbc6 12. Ng3 Bg6 13. O-O-O exd4 14. cxd4
O-O-O 15. c4 Qd7 16. Nxe4 Nf5 17. Qh3 Qe7 18. f3 Rh8 19. Qg4 Rh4 20. Qg5 Rxe4
21. Qxe7 Rxe7 22. d5 Red7 23. g4 Nfe7 24. Bf6 Rd6 25. g5 Bh5 26. Be2 Re8 27.
dxc6 Rxd1+ 1/2-1/2

[Event "European Youth Chess Championship G10"]
[Site "Prague, Top Hotel Prague"]
[Date "2016.08.22"]
[Round "5.7"]
[White "Tsirekidze, Barbare"]
[Black "Karaivanova, Petya"]
[Result "0-1"]
[WhiteElo "1382"]
[BlackElo "1534"]
[PlyCount "161"]
[EventDate "2016.08.18"]

1. e3 d5 2. g3 g6 3. Bg2 Bg7 4. d4 Nf6 5. Ne2 Nbd7 6. O-O O-O 7. b3 Nb6 8. Bb2
Re8 9. Nd2 c6 10. Rc1 Bf5 11. c4 Rc8 12. c5 Nbd7 13. Nf3 Be4 14. Nc3 Bxf3 15.
Qxf3 e5 16. Rfe1 Bh6 17. Rcd1 Bg7 18. Bh3 Ra8 19. Bg2 Qc7 20. b4 b5 21. a3 e4
22. Qe2 Nf8 23. Ra1 Ne6 24. Ra2 a5 25. Raa1 Qd7 26. Bh3 Qc7 27. Bg2 a4 28. Rad1
Red8 29. Bh3 Ng5 30. Bg2 Qd7 31. Bc1 Ne6 32. Bh3 Qc7 33. Bxe6 fxe6 34. Qf1 Rf8
35. Qh3 Qf7 36. Rf1 Rae8 37. Ne2 Nd7 38. Bb2 e5 39. dxe5 Bxe5 40. Nd4 Bxd4 41.
Bxd4 Ne5 42. Bxe5 Rxe5 43. Qg4 Rf5 44. Qe2 Rf3 45. Kg2 Qe6 46. Qb2 R8f5 47. h3
Rf8 48. Rd2 Qf5 49. Qd4 Qf6 50. Qxf6 R8xf6 51. Rd4 Kf7 52. h4 h5 53. Rd2 Ke6
54. Rd4 R6f5 55. Rd2 Kf6 56. Rdd1 Ke6 57. Rd2 Kf6 58. Rg1 Ke5 59. Kf1 Rxe3 60.
Ra2 Rb3 61. Ke2 d4 62. Rf1 Kd5 63. Kd2 e3+ 64. Ke2 Rxf2+ 65. Rxf2 exf2 66. Kxf2
Kc4 67. Rd2 Kc3 68. Rd1 d3 69. Ke3 Kb2 70. Rxd3 Kxa3 71. Kd2 Rxd3+ 72. Kxd3 Kb2
73. Ke4 a3 74. Kf4 a2 75. Kg5 a1=Q 76. Kxg6 Qd1 77. Kf6 Qe2 78. Kg5 Kc3 79. g4
Qxg4+ 80. Kf6 Qe4 81. Kg5 0-1

[Event "European Youth Chess Championship G10"]
[Site "Prague, Top Hotel Prague"]
[Date "2016.08.22"]
[Round "5.8"]
[White "Zulfugarli, Mahluga"]
[Black "Pawicka, Magdalena"]
[Result "1/2-1/2"]
[WhiteElo "1373"]
[BlackElo "1501"]
[PlyCount "118"]
[EventDate "2016.08.18"]

1. e4 e5 2. Nf3 Nf6 3. Nxe5 d6 4. Nf3 Nxe4 5. Qe2 Qe7 6. d3 Nf6 7. Bg5 Nbd7 8.
Nc3 b6 9. O-O-O Qxe2 10. Bxe2 Be7 11. Rde1 O-O 12. Nd4 Bb7 13. Bf3 Bxf3 14.
Nxf3 Rfe8 15. Nb5 Bd8 16. Rxe8+ Nxe8 17. Re1 Bxg5+ 18. Nxg5 a6 19. Nc3 Nef6 20.
Re7 Re8 21. Rxe8+ Nxe8 22. Kd2 h6 23. Nf3 Nef6 24. h3 Kf8 25. Ke3 Ke7 26. Nd4
g6 27. f4 Nb8 28. g4 c5 29. Nf3 d5 30. d4 Ke6 31. Na4 Nbd7 32. g5 Ng8 33. h4 h5
34. Ne5 cxd4+ 35. Kxd4 Nxe5 36. fxe5 Ne7 37. Nxb6 Nf5+ 38. Kd3 Nxh4 39. c4
dxc4+ 40. Nxc4 Nf3 41. Ke4 Nxg5+ 42. Kf4 Nh7 43. a4 g5+ 44. Kg3 Kd5 45. Nd6 Ke6
46. Nc4 Nf8 47. b4 Nd7 48. a5 Nxe5 49. b5 h4+ 50. Kh3 g4+ 51. Kxh4 Nf3+ 52.
Kxg4 Nd4 53. bxa6 Nb5 54. Kf4 Na7 55. Nb6 Kd6 56. Kf5 Kc6 57. Na8 Kb5 58. Nc7+
Kxa5 59. Kf6 Kb6 1/2-1/2

[Event "European Youth Chess Championship G10"]
[Site "Prague, Top Hotel Prague"]
[Date "2016.08.22"]
[Round "5.9"]
[White "Mikheeva, Galina"]
[Black "Donchenko, Ekaterina"]
[Result "1-0"]
[WhiteElo "1477"]
[BlackElo "1362"]
[PlyCount "145"]
[EventDate "2016.08.18"]

1. e4 g6 2. d4 Bg7 3. Nc3 d6 4. Nf3 a6 5. a4 Nd7 6. Bf4 b6 7. Bc4 e6 8. O-O Ne7
9. Re1 O-O 10. Bg3 Bb7 11. Qd3 h6 12. Rad1 Kh7 13. Bb3 Rc8 14. h3 d5 15. Bh4
dxe4 16. Nxe4 Qe8 17. Bxe7 Qxe7 18. d5 Rcd8 19. Nc3 Nc5 20. Qc4 Qf6 21. dxe6
fxe6 22. Rxd8 Rxd8 23. Qg4 Rf8 24. Re3 e5 25. Bd5 c6 26. Ne4 Nxe4 27. Bxe4 h5
28. Qg3 Bh6 29. Rd3 Bf4 30. Qh4 Kg8 31. Qxf6 Rxf6 32. Rd7 Rf7 33. Rd6 g5 34.
Bxc6 Bxc6 35. Rxc6 Rd7 36. g3 Bc1 37. Rxb6 Rd1+ 38. Kg2 e4 39. Nxg5 Rd4 40. Re6
Rxa4 41. Nxe4 Bxb2 42. Nc5 Rc4 43. Nxa6 Rxc2 44. Nb4 Rd2 45. Kf3 Bd4 46. Re2
Rd1 47. Re8+ Kf7 48. Rd8 Rd2 49. Ke4 Re2+ 50. Kxd4 Rxf2 51. Ke3 Rg2 52. Kf3 Rb2
53. Rd4 Rb3+ 54. Kf4 Rb1 55. Kg5 Rg1 56. Rd3 Rb1 57. Nd5 Rb8 58. Kxh5 Rh8+ 59.
Kg4 Rg8+ 60. Kf4 Rf8 61. Re3 Kg6+ 62. Kg4 Rd8 63. Nf4+ Kf6 64. Re6+ Kf7 65. h4
Rd4 66. h5 Ra4 67. h6 Ra8 68. Kh5 Ra5+ 69. Kh4 Ra8 70. g4 Ra4 71. h7 Kg7 72.
Re7+ Kf6 73. h8=Q+ 1-0

[Event "European Youth Chess Championship G10"]
[Site "Prague, Top Hotel Prague"]
[Date "2016.08.22"]
[Round "5.10"]
[White "Markus, Molli Amina"]
[Black "Alimova, Dana"]
[Result "1/2-1/2"]
[WhiteElo "1324"]
[BlackElo "1451"]
[PlyCount "55"]
[EventDate "2016.08.18"]

1. d4 d5 2. c4 e6 3. Nf3 Nf6 4. Bg5 Nbd7 5. e3 c6 6. cxd5 exd5 7. Bd3 Bd6 8.
O-O Nf8 9. h3 Ng6 10. a3 O-O 11. Nc3 h6 12. Bh4 Re8 13. Qc2 Nxh4 14. Nxh4 Ne4
15. Nf3 f5 16. b4 a5 17. b5 Bd7 18. bxc6 bxc6 19. Nd2 Qg5 20. Nf3 Qg6 21. Nh4
Qf6 22. Nf3 Rab8 23. Ne2 Rb7 24. Rfb1 Reb8 25. Rxb7 Rxb7 26. Ba6 Rb6 27. Bd3
Qf8 28. Qa4 1/2-1/2

[Event "European Youth Chess Championship G10"]
[Site "Prague, Top Hotel Prague"]
[Date "2016.08.22"]
[Round "5.11"]
[White "Mihelic, Vesna"]
[Black "Trgovac, Marta"]
[Result "1-0"]
[WhiteElo "1412"]
[BlackElo "1277"]
[PlyCount "85"]
[EventDate "2016.08.18"]

1. e4 c5 2. Nf3 d6 3. c3 Nf6 4. h3 Bd7 5. Bd3 e6 6. Bc2 Be7 7. O-O O-O 8. d4
cxd4 9. cxd4 Nc6 10. Nc3 Qb6 11. a3 Na5 12. b4 Qc6 13. Qd3 Qc4 14. bxa5 Qxd3
15. Bxd3 a6 16. d5 exd5 17. Nxd5 Nxd5 18. exd5 Bb5 19. Rd1 Rac8 20. Bxb5 axb5
21. Rb1 Rc5 22. Be3 Rc3 23. Rxb5 Rxa3 24. Rxb7 Bd8 25. Bb6 Rb3 26. Rb8 Bxb6 27.
Rxb6 Rxb6 28. axb6 Rb8 29. Rb1 Rb7 30. Nd4 Kf8 31. Nc6 Ke8 32. Na5 Rb8 33. b7
Kd7 34. Nc6 Rxb7 35. Rxb7+ Ke8 36. Re7+ Kf8 37. Kh2 g6 38. Kg3 Kg7 39. Rd7 h6
40. Rxd6 g5 41. Kg4 Kh7 42. Kf5 Kg7 43. Rd7 1-0

[Event "European Youth Chess Championship G10"]
[Site "Prague, Top Hotel Prague"]
[Date "2016.08.22"]
[Round "5.12"]
[White "Kecskemeti, Admira Aida"]
[Black "Oz, Irem Ezra"]
[Result "0-1"]
[WhiteElo "1300"]
[BlackElo "1403"]
[PlyCount "48"]
[EventDate "2016.08.18"]

1. d4 Nf6 2. Nf3 c5 3. g3 g6 4. Bg2 Bg7 5. O-O O-O 6. c4 cxd4 7. Nxd4 d5 8.
cxd5 Nxd5 9. Nb5 Be6 10. N1c3 Nxc3 11. bxc3 Nc6 12. Ba3 Qa5 13. Rb1 a6 14. Bxc6
bxc6 15. Bb4 Qxb5 16. Bxe7 Qa5 17. Bxf8 Rxf8 18. Rb2 Bxc3 19. Rc2 Bf5 20. Rc1
Bh3 21. Qd3 Bxf1 22. Rxc3 Bxe2 23. Qe3 Rd8 24. Qe5 Qxe5 0-1

[Event "European Youth Chess Championship G10"]
[Site "Prague, Top Hotel Prague"]
[Date "2016.08.22"]
[Round "5.14"]
[White "Bashylina, Luisa"]
[Black "Veremiuk, Veronika"]
[Result "0-1"]
[WhiteElo "1664"]
[BlackElo "1330"]
[PlyCount "96"]
[EventDate "2016.08.18"]

1. d4 d5 2. Nc3 Nf6 3. Qd3 e6 4. Bg5 Be7 5. e4 Nxe4 6. Bxe7 Qxe7 7. Nxe4 dxe4
8. Qxe4 Qb4+ 9. c3 Qxb2 10. Rb1 Qxc3+ 11. Kd1 O-O 12. Bd3 f5 13. Qe3 Qc6 14.
Nf3 Nd7 15. Re1 Nf6 16. Ke2 Nd5 17. Ne5 Nxe3 18. Nxc6 Nd5 19. Ne5 Nc3+ 20. Kf1
Nxb1 21. Rxb1 Rd8 22. Rb4 a5 23. Ra4 Bd7 24. Nxd7 Rxd7 25. Bc4 Rd6 26. Ke2 c6
27. Ra3 b5 28. Bd3 Rxd4 29. Rc3 Rad8 30. Bb1 Rd2+ 31. Ke3 R8d6 32. Rxc6 Rxc6
33. Kxd2 Kf7 34. Bd3 b4 35. Ke3 Kf6 36. f4 e5 37. fxe5+ Kxe5 38. g3 Rc3 39. Ke2
Rxd3 40. Kxd3 Kd5 41. h3 a4 42. h4 b3 43. axb3 axb3 44. Kc3 Ke4 45. Kxb3 Kf3
46. Kc2 Kxg3 47. Kd3 f4 48. Ke2 Kg2 0-1

[Event "European Youth Chess Championship G10"]
[Site "Prague, Top Hotel Prague"]
[Date "2016.08.22"]
[Round "5.15"]
[White "Mamardashvili, Ana"]
[Black "Nguyen, Phuong Thao Vivien"]
[Result "1/2-1/2"]
[WhiteElo "1292"]
[BlackElo "1578"]
[PlyCount "92"]
[EventDate "2016.08.18"]

1. e4 c5 2. b3 d6 3. Bb2 Nc6 4. Bb5 Bd7 5. f4 e6 6. Nf3 Nf6 7. Qe2 a6 8. Bxc6
Bxc6 9. d3 d5 10. e5 Nd7 11. O-O Be7 12. Nbd2 O-O 13. Rad1 b5 14. c4 Nb6 15.
Qf2 Qc7 16. Qg3 bxc4 17. dxc4 dxc4 18. Nxc4 Nxc4 19. bxc4 Rab8 20. Bc3 Rfd8 21.
h3 Ba4 22. Rd2 Rxd2 23. Nxd2 Rd8 24. Ne4 Bd1 25. Nf6+ Bxf6 26. exf6 g6 27. Qh4
Qd6 28. Qh6 Qf8 29. Qg5 Be2 30. Rc1 Bxc4 31. Ba5 Rd5 32. Qg4 Bxa2 33. Ra1 Bc4
34. Bc3 Bb5 35. Re1 h5 36. Qh4 Qd8 37. Kh2 Rd3 38. Be5 c4 39. Qg5 Qf8 40. Ba1
c3 41. Rxe6 Bd7 42. Re2 Ba4 43. f5 Qb8+ 44. g3 Rd5 45. Bxc3 Rxf5 46. Qh6 Qf8
1/2-1/2

[Event "European Youth Chess Championship G10"]
[Site "Prague, Top Hotel Prague"]
[Date "2016.08.22"]
[Round "5.16"]
[White "Gasparyan, Milena"]
[Black "Anchikova, Olga"]
[Result "0-1"]
[WhiteElo "1459"]
[BlackElo "1283"]
[PlyCount "92"]
[EventDate "2016.08.18"]

1. e4 e6 2. d4 d5 3. Nd2 c5 4. exd5 Qxd5 5. Ngf3 cxd4 6. Bc4 Qd6 7. O-O Nf6 8.
Nb3 Nc6 9. Nbxd4 Nxd4 10. Qxd4 Qxd4 11. Nxd4 Bd7 12. Bf4 Rc8 13. Bb3 Bc5 14.
Nf3 O-O 15. Ne5 Bb5 16. Rfd1 Rfd8 17. c4 Be8 18. Nd3 Bd6 19. Bxd6 Rxd6 20. Ne5
Ne4 21. Rxd6 Nxd6 22. Rd1 Nf5 23. f4 Kf8 24. Kf2 b5 25. cxb5 Bxb5 26. Rd2 Ke7
27. Rc2 Rxc2+ 28. Bxc2 g6 29. Bd3 Bxd3 30. Nxd3 Kd6 31. Kf3 Kd5 32. g4 Nd4+ 33.
Ke3 f5 34. g5 Nc6 35. b3 e5 36. fxe5 Nxe5 37. Nxe5 Kxe5 38. a4 Kd5 39. Kf4 Kc5
40. h4 Kb4 41. h5 Kxb3 42. hxg6 hxg6 43. Ke5 Kxa4 44. Kf6 f4 45. Kxg6 f3 46.
Kg7 f2 0-1

[Event "European Youth Chess Championship G10"]
[Site "Prague, Top Hotel Prague"]
[Date "2016.08.22"]
[Round "5.17"]
[White "Strendeva, Viktoria"]
[Black "Malinowska, Natalia"]
[Result "1/2-1/2"]
[WhiteElo "1431"]
[BlackElo "1272"]
[PlyCount "60"]
[EventDate "2016.08.18"]

1. d4 Nf6 2. c4 c5 3. d5 b5 4. Nc3 b4 5. Nb1 g6 6. a3 Qa5 7. Nd2 Bg7 8. Nb3 Qb6
9. e3 d6 10. axb4 cxb4 11. Bd2 a5 12. Nd4 Bd7 13. Bd3 Na6 14. Bc2 Nc5 15. Nb3
O-O 16. Nf3 Rfc8 17. Nxc5 Rxc5 18. Qe2 b3 19. Bd3 a4 20. Bc3 Ra6 21. O-O Qb8
22. Bd4 Rca5 23. c5 Bb5 24. Bxb5 Rxb5 25. cxd6 exd6 26. Rfd1 Qb7 27. e4 Nd7 28.
Qc4 Rb4 29. Qc3 Bxd4 30. Rxd4 Rxd4 1/2-1/2